LEADER 01060nam a2200253 i 4500 001 000000166544 003 CaOOAMICUS 005 20230120152810.0 008 071113s1966 it u000 u ita u 040 $aSeMil$bita 100 1 $aWaugh, Evelyn,$d<1903-1966>.$0(OLS)http://semarc/name/36669 240 14$aThe loved one :$ban anglo-american tragedy.$0(OLS)http://semarc/title/442672 245 13$aIl caro estinto /$cRomanzo di Evelyn Waugh ; illustrazioni di Stuart Boyle. 264 1$aMilano :$bBompiani,$c1966. 300 $a180 p. :$bill. ;$c21 cm. 490 1 $aI delfini : i più famosi libri moderni 700 1 $aBoyle, Stuart.$0(OLS)http://semarc/name/62720 830 2$aI delfini : i più famosi libri moderni.$0(OLS)http://semarc/title/7393 850 $aSeMil 852 $aSeMil$W1$xVenegono$y1$m1T II 75$j236595$B117707$CSeMilBibl$Z2$F128399 $81 961 $aRecupero: Altro 996 $6245$aIl caro estinto$9(OLS)http://semarc/title/237983 996 $6264$aMilano :$bBompiani$9(OLS)http://semarc/publisher/29706 LEADER 00664nam a2200169 i 4500 001 000000246701 003 CaOOAMICUS 005 20151120000000.0 008 151120s1873 it u000 u fre u 013 $a225606 040 $aSeMil$bita 245 10$aTome 2. 300 $aXI, 616 p. :$bill. 773 0 $aFaillon, Étienne-Michel <1800-1870>$tVie de m. Olier fondateur du Séminaire de Saint-Sulpice.$dParis : Poussielgue frères, 1873.$b4. ed. revue et considérablement augmentée par l'auteur.$g2$w()4996 850 $aSeMil 852 $aSeMil$W1$xVenegono$y1$m3G V 37 FA$j197047$B197047$CSeMilBibl$Z2$F208057 $8I 996 $6245$aTome 2$9(OLS)http://semarc/title/1533 LEADER 00803nam a2200217 i 4500 001 000000255785 003 CaOOAMICUS 005 20171018000000.0 008 171018s1803 xx u000 u fre u 013 $a234693 026 $ae-n. etur z,ne mali (3) 1803 (A) 040 $aSeMil$bita 245 10$aTome 2. 300 $aVIII, 336 p. 500 $aSegn.: pga A-X8. 773 0 $aBarruel, Augustin <1741-1820>$tMémoires pour servir a l'histoire du jacobinisme, par m. l'abbé Barruel. Tome 1. [-5.].$b[Nouvelle et dernière édition].$dA Hambourg : Chez P. Fauche, 1803.$g2$w()4115 850 $aSeMil 852 $aSeMil$W1$xVenegono$y1$m3S III 97 FA$j206131$B206131$CSeMilBibl$Z2$F219549 $8I 941 1 $a10 961 $aRecupero: Mantegazza 996 $6245$aTome 2$9(OLS)http://semarc/title/1533